Our plundered planet.
Đã lưu trong:
| Tác giả chính: | |
|---|---|
| Định dạng: | Sách |
| Ngôn ngữ: | Undetermined |
| Được phát hành: |
Boston
Little, Brown
1948
|
| Những chủ đề: | |
| Các nhãn: |
Thêm thẻ
Không có thẻ, Là người đầu tiên thẻ bản ghi này!
|
| Thư viện lưu trữ: | Trung tâm Học liệu Trường Đại học Cần Thơ |
|---|
| LEADER | 00495nam a2200181Ia 4500 | ||
|---|---|---|---|
| 001 | CTU_81899 | ||
| 008 | 210402s9999 xx 000 0 und d | ||
| 082 | |a 361.45 | ||
| 082 | |b O81 | ||
| 100 | |a Osborn, Fairfield | ||
| 245 | 0 | |a Our plundered planet. | |
| 245 | 0 | |c Fairfield Osborn | |
| 260 | |a Boston | ||
| 260 | |b Little, Brown | ||
| 260 | |c 1948 | ||
| 650 | |a Agriculture,Soil conservation,Soil erosion | ||
| 904 | |i Trọng Hải | ||
| 980 | |a Trung tâm Học liệu Trường Đại học Cần Thơ | ||